Wigan Athletic Trivia - Statistics

General Stats
  • This quiz has been taken 16 times
  • The average score is 9 of 15
Answer Stats
Question Answer % Correct
What is the name of Wigan Athletic’s stadium? Brick Community Stadium
100%
Who scored the 91st-minute winner as Wigan Athletic beat Manchester City 1-0 to win the 2013 FA Cup Final and claim their only major honour to date? Ben Watson
82%
Who is the current head coach of Wigan Athletic? Ryan Lowe
82%
What is Wigan Athletic’s nickname? The {Latics}
82%
What is the name of the former owner of Wigan Athletic, who served as chairman between 1995 and 2015? Dave Whelan
73%
Who is the current captain of Wigan Athletic? Jason Kerr
73%
Who won the Third Division title and Football League Trophy with Wigan Athletic as a player and the FA Cup as manager? Roberto Martínez
73%
Who is Wigan Athletic’s record sale, joining Manchester United for £15m in 2009? Antonio Valencia
64%
With which fellow Greater Manchester club does Wigan Athletic contest its biggest derby? Bolton Wanderers
64%
Which Wigan Athletic manager guided the club to promotion from the third tier to the Premier League? Paul Jewell
55%
From 1932 until 1999, Wigan Athletic played at which ground? Springfield Park
45%
Who is Wigan Athletic’s record signing, arriving from Newcastle United for £6m + Ryan Taylor in 2009? Charles N'Zogbia
27%
Which team did Wigan Athletic face in their opening group match of the 2013/14 UEFA Europa League, their first-ever in Europe? NK Maribor
27%
Which Englishman is Wigan Athletic’s record goalscorer with 178? Harry Lyon
9%
Which Englishman is Wigan Athletic’s record appearance-maker with 422? Ian Gillibrand
9%
No matching quizzes found
Score Distribution
Percent of People with Each Score
Percentile by Number Answered
Your Score History
You have not taken this quiz